00567 2200205 4500001002100000005001500021035002000036007000300056008004100059020002200100082001100122084001700133100002000150245008900170250001000259260003600269300002600305650002200331990000800353INLIS00000000000060720171011094241 a0010-1017000161ta171011 f 0 ind  a978-979-29-1065-0 a231.73 a231.73 HIC j0 aHickey, Marilyn1 aJadilah Sembuh :bMelangkah dengan iman unotuk menerima kesembuhan /cMarilyn Hickey aCet.1 aYogyakarta :bAndi Ofset,c2009 a280hlm ;c14,5 x 23cm aMukjizat, Kristen a208